Online
Catalog

A xxxi epitome de anima / (Record no. 36779)

MARC details
000 -CABECERA
campo de control de longitud fija 00704nam a2200193 a 4500
001 - NÚMERO DE CONTROL
campo de control 000037289
005 - FECHA Y HORA DE LA ÚLTIMA TRANSACCIÓN
campo de control 20200930080252.0
008 - DATOS DE LONGITUD FIJA--INFORMACIÓN GENERAL
campo de control de longitud fija 120321s1985 sp 000 0 spa d
020 ## - NÚMERO INTERNACIONAL ESTÁNDAR DEL LIBRO
Número Internacional Estándar del Libro 8400059395
040 ## - FUENTE DE LA CATALOGACIÓN
Centro catalogador/agencia de origen DO-SdBNP
Lengua de catalogación spa
Centro/agencia transcriptor BNPHU
245 00 - MENCIÓN DE TÍTULO
Título A xxxi epitome de anima /
Mención de responsabilidad, etc. edidet Salvator Gómez Nogalez.
246 13 - FORMA VARIANTE DE TÍTULO
Título propio/Titulo breve A veintiuno epitome de anima
260 ## - PUBLICACIÓN, DISTRIBUCIÓN, ETC.
Lugar de publicación, distribución, etc. Madrid :
Nombre del editor, distribuidor, etc. CSIC,
Fecha de publicación, distribución, etc. 1985.
300 ## - DESCRIPCIÓN FÍSICA
Extensión [260] p. ;
Dimensiones 25 cm.
490 1# - MENCIÓN DE SERIE
Mención de serie Corpus commentariorum Averrois in Aristolem
-- Arabica
500 ## - NOTA GENERAL
Nota general Incluye referencias bibliográficas y notas al pie de las páginas
700 1# - PUNTO DE ACCESO ADICIONAL--NOMBRE DE PERSONA
Nombre de persona Gómez Nogalez, Salvator
Término indicativo de función/relación ed.
9 (RLIN) 63725
710 2# - PUNTO DE ACCESO ADICIONAL--NOMBRE DE ENTIDAD CORPORATIVA
Nombre de entidad corporativa o nombre de jurisdicción como elemento de entrada Consejo Superior de Investigaciones Sientíficas (España)
9 (RLIN) 63726
Holdings
Estado de retiro Estado de pérdida Restricciones de uso No para préstamo Código de colección Localización permanente Ubicación/localización actual Ubicación en estantería Fecha de adquisición Número de inventario Total de préstamos Signatura topográfica completa Código de barras Fecha visto por última vez Precio válido a partir de Tipo de ítem Koha
      Excluido de préstamo Monografías: Libros y Folletos General General En catalogación 21.03.2012 LF1   37289-10 25.06.2020 25.06.2020 No se presta

Powered by Koha